Countries that start with B - Sudden Death - Statistics

General Stats
  • This quiz has been taken 77 times
  • The average score is 15 of 17
Answers on the Grid
Answers color-coded by a green-red scale on the quiz's grid according to % correct below.
_ahamas
_ahrain
_angladesh
_arbados
_elgium
_elize
_enin
_hutan
_elarus
_olivia
_osnia and Herzegovina
_otswana
_razil
_runei
_ulgaria
_urkina Faso
_urundi
_ogo
_ameroon
_omoros
_ominica
_ambia
_wanda
_uatemala
_yrgyzstan
_uwait
_ibya
_alaysia
_ali
_alta
_akistan
_atar
 
Answer Stats
Answer % Correct
_razil
95%
_otswana
91%
_elgium
89%
_osnia and Herzegovina
89%
_elarus
88%
_olivia
88%
_ulgaria
88%
_angladesh
86%
_elize
86%
_ahrain
84%
_enin
84%
_hutan
84%
_urkina Faso
84%
_urundi
84%
_ahamas
82%
_runei
81%
_arbados
79%
No matching quizzes found
Score Distribution
Percent of People with Each Score
Percentile by Number Answered
Your Score History
You have not taken this quiz